Countries With the Most Arabic Speakers - Statistics

General Stats
  • This quiz has been taken 4,016 times
  • The average score is 18 of 20
Answer Stats
# Speakers % Country % Correct
82.4 mil 93.1 Egypt
98%
27.1 mil 27.1 Saudi Arabia
96%
40.1 mil 80.0 Algeria
95%
22.9 mil 85.8 Iraq
95%
25 mil 74.2 Morocco
93%
2.5 mil 88.6 Oman
93%
14.6 mil 54.6 Yemen
93%
17.9 mil 91.7 Syria
92%
28.1 mil 70.0 Sudan
91%
3.6 mil 39.7 United Arab Emirates
91%
1.2 mil 75.3 Qatar
90%
4.5 mil 72.0 Libya
89%
10.8 mil 98.3 Tunisia
89%
1.7 mil 82.2 Kuwait
88%
690.3 k 81.4 Bahrain
87%
5 mil 76.3 Jordan
87%
4.1 mil 91.4 Lebanon
87%
1.3 mil 1.83 Chad
77%
3.1 mil 88.7 Mauritania
77%
3.7 mil 31.2 Somalia
77%
No matching quizzes found
Score Distribution
Percent of People with Each Score
Percentile by Number Answered
Your Score History
You have not taken this quiz